MDQL
is popping MORE tags! Check the
thread
!
Quizzes
Events
Quiz Creation
Community
Videos
Private Events
Remove Ads
Sign In
Join for FREE
Feedback
Dark Mode
Quiz Categories
Sports
Geography
Music
Movies
Television
Just For Fun
Miscellaneous
History
Literature
Language
Science
Gaming
Entertainment
Religion
Holiday
For Kids
Quiz Lab
Recent
Popular Today
Quiz Kudos Today
Editor Picks
Curator Picks
Quizzes by...
Day
Popularity
Type
Ratings
Length
Year
Community
Subscriptions
Recent Discussions
Orange Saloon
Badges
Playlists
Quests
Create
Leaderboards
Showdown
Live 5
Trivia Bingo
Activity
Puzzle Library
Sporcle Events
Private Events
Virtual Trivia
Globe League
Become a Host
Pub Owners
SporcleCon
Opinionation
Our Games
Videos
Blog
Mobile Apps
Partnerships
Remove Ads and Go Orange
Feedback
Sports
Athletes
MLB
NBA
NHL
NFL
Soccer
Sports Teams
WWE
NCAA
Football
Premier League
Basketball
Baseball
Hockey
Golf
Tennis
Cricket
Rugby
Auto Racing
Olympics
World Cup
Sports
Athletes
MLB
NBA
NHL
NFL
Soccer
Sports Teams
WWE
NCAA
Football
Premier League
Basketball
Baseball
Hockey
Golf
Tennis
Cricket
Rugby
Auto Racing
Olympics
World Cup
Random Quiz
Search Sporcle
×
Quiz Lab
Quiz Lab
Sports
NFL
Type in answers that appear in a list
Type in answers that appear in a list
Classic
Best Score? Go Orange.
Tom Brady's Receivers: 10 or More TDs Stats
Can you identify which NFL players have caught 10 or more (M) and which have caught less than 10 (L) TD passes from Tom Brady (regular season)?
By
zaphenath
3m
26 Questions
281 Plays
281 Plays
281 Plays
Comments
Comments
Give Quiz Kudos
Give Quiz Kudos
-
- Ratings
hide this ad
More Info
Forced Order
Answers have to be entered in order
Answers have to be entered in order
Wrong Answers
Some wrong answers will appear in red
Some wrong answers will appear in red
Replay
Link that replays current quiz
Next Quiz
Link to next quiz in quiz playlist
You Got
0%
They Got
Avg Score
78%
Avg Friend Score
Upgrade to see
Score Distribution
Jump to the score distribution portion of the page
Score
0/26
Timer
03:00
0
Plays Today
Player
10 or More (M); Less than 10 (L)
% Correct
Deion Branch
???
97.5%
Rob Gronkowski
???
96.4%
Randy Moss
???
95%
Wes Welker
???
95%
Aaron Hernandez
???
93.6%
Aaron Dobson
???
91.5%
Julian Edelman
???
91.5%
Troy Brown
???
90.4%
Bethel Johnson
???
90.4%
Reche Caldwell
???
89.3%
Chad Jackson
???
88.3%
Doug Gabriel
???
86.8%
Kenbrell Thompkins
???
84%
Player
10 or More (M); Less than 10 (L)
% Correct
Ben Watson
???
80.1%
Kevin Faulk
???
75.1%
Mike Vrabel
???
74.7%
David Givens
???
73.3%
Antowain Smith
???
73.3%
David Patten
???
71.5%
Brandon Lloyd
???
70.5%
Jabar Gaffney
???
66.9%
Donte Stallworth
???
66.5%
Daniel Graham
???
59.4%
Shane Vereen
???
56.9%
Danny Woodhead
???
49.1%
Christian Fauria
???
42.7%
Quiz Playlist
Details
Report
Send in Message
Add To Playlist
More Info:
Stats are from regular seasons over Brady's entire pro career
Classic:
Type in answers that appear in a list
Forced Order:
Answers have to be entered in order
Wrong Answers:
Some wrong answers will appear in red
Quiz Source
Last Updated: Feb 16, 2017
Quiz Scoreboard
CHALLENGE
Sign Up to Join the Scoreboard
Show All
Scores
Hide
Comments
May contain spoilers
Recently Published
Two Season TV Shows II
by 123Four
Television
10m
Image Sorting: Flags VI
by Barbecue
Geography
2m
Find the 'City' Movie
by crazypaving
Movies
60s
More to Explore
Quiz From the Vault
Featured Blog Post
14 Easter Pick-up Lines to Find Eggs With
hide this ad
You Might Also Like...
Tags
Football Quiz
NFL Quiz
Brady
New England Patriots
Passing Touchdowns
Receiver
TD Passes
Tom Brady
Touchdown
Today's Top Quizzes in Sports
Browse Sports
hide this ad
Today's Top Quizzes in NFL
Browse NFL
Top Contributed Quizzes in Sports
1
Les meilleurs buteurs des matchs entre le PSG et l’OM
2
Les entraîneurs de l'OM et du PSG au 21e siècle
3
2022 World Cup Stars
4
Les joueurs passés par le PSG et l'OM
5
Players with Multiple 50 Home Run Seasons
6
FIFA Club World Cup Champions
7
Criteria MLB: Left Handed Sluggers
8
Les joueurs passés par le LOSC et le RC Lens
9
Top 10 NHL Goal Scorers of All Time
10
MLB Players with Two .350 Batting Average Seasons
Explore More
Trending Topics
Disney
NBA
Harry Potter
Crossword
Anime
Kpop
Marvel
WWE
Puzzle
NFL
Country
Song
Soccer
The Office
Pokémon
hide this ad
More By:
zaphenath
Quiz
Plays
Rating
Category
Featured
Created
Pro Athletes in Yearbook Photos
137,145
4.67
Sports
Sep 9, 2013
2-Word Movie Pictograms
100,858
4.10
Movies
Nov 15, 2014
Countries by Former Flags
61,217
4.70
Geography
Jul 9, 2013
Classical Music by Score Fragment
57,588
4.52
Music
Jun 13, 2013
Super Word Chain
40,484
4.70
Language
Aug 14, 2013
Go to Creator's Profile
Score Distribution
Quiz Creator Spotlight
zaphenath
Follow
Send a Message
Quizzes Created
-
Created Quiz Play Count
-
More By This Creator
Popular Quizzes Today
1
Find the US States - No Outlines Minefield
2
Colored Red Africa Blitz
3
Find the 'City' Movie
4
5x2 Blitz: Bands
5
The Countries of the World
6
Find the Countries of Europe - No Outlines Minefield
7
Find the US States
8
US States
More Sports Quizzes
Baseball Players with Spooky Names
Curator's Pick
Trending Quizzes
Colored Red Europe Blitz I
Colored Red Africa Blitz II
Colored Red Europe Blitz II
Colored Red Africa Blitz III
Colored Red Europe Blitz III
Recently Updated
How Do You Spell That?
pecheneg
Godzilla Movies
pecheneg
Grab Bag: 4-10 Letters
pecheneg
2024 March Madness Bracket
pecheneg
Famous TV Couples
Peacemaker
Champions League XIs: Real Madrid
pecheneg
Largest US Cities 1790-2010
pecheneg
Rides in Walt Disney World
pecheneg
Most Oscar Losses (Acting)
pecheneg
Beyoncé Albums
pecheneg
Trending Topics
Anime
Kpop
NBA
Harry Potter
Disney
Marvel
Crossword
Puzzle
Soccer
WWE
The Office
Song
Country
NFL
Pokémon
Your Account Isn't Verified!
In order to create a playlist on Sporcle, you need to verify the email address you used during registration. Go to your
Sporcle Settings
to finish the process.
Report this User
Report this user for behavior that violates our
Community Guidelines
.
Details:
Send Report
Go to the Sporcle.com Mobile Site →
Comments